| 000 | 00547cam a2200157u 4500 | ||
|---|---|---|---|
| 082 |
_a621.4 _bBAK _cL-12, P-27 |
||
| 100 | 1 |
_aInchley, William, _940611 |
|
| 245 | 0 | 0 |
_aInchley's Theory of heat engines, _cedited and revised by H. Wright Baker ... |
| 260 |
_aLondon, _aNew York [etc.] _bLongmans, Green & co. _c[1942] |
||
| 300 |
_axvi, 455 p. incl. illus., tables, diagrs. _c22 cm. |
||
| 526 |
_a0 _b0 _c0 _d621_400000000000000_BAK |
||
| 650 | 0 |
_aHeat-engines. _938614 |
|
| 650 | 0 |
_aMCE _9379 |
|
| 700 | 1 |
_aBaker, Henry Wright, _941737 |
|
| 942 |
_2ddc _cBK |
||
| 999 |
_c545780 _d545780 |
||